Govt. of
Madhya Pradesh

Carmen Sylva and sketches from the Orient (Record no. 38114)

MARC details
000 -LEADER
fixed length control field 004430000a22001690004500
003 - CONTROL NUMBER IDENTIFIER
control field MACL
005 - DATE AND TIME OF LATEST TRANSACTION
control field 20160109125756.0
008 - FIXED-LENGTH DATA ELEMENTS--GENERAL INFORMATION
fixed length control field 160109b xxu||||| |||| 00| 0 eng d
040 ## - CATALOGING SOURCE
Original cataloging agency MACL
Transcribing agency MACL
041 ## - LANGUAGE CODE
Language code of text/sound track or separate title English
082 ## - DEWEY DECIMAL CLASSIFICATION NUMBER
Classification number 920/LOT
100 ## - MAIN ENTRY--PERSONAL NAME
Personal name Loti, Pierre
9 (RLIN) 27925
245 ## - TITLE STATEMENT
Title Carmen Sylva and sketches from the Orient
260 ## - PUBLICATION, DISTRIBUTION, ETC. (IMPRINT)
Name of publisher, distributor, etc. The Macmillan Company
Date of publication, distribution, etc. 1912
Place of publication, distribution, etc. New York
650 ## - SUBJECT ADDED ENTRY--TOPICAL TERM
Topical term or geographic name as entry element Biography
9 (RLIN) 30315
942 ## - ADDED ENTRY ELEMENTS (KOHA)
Koha item type Books
Call number prefix 920/LOT
Source of classification or shelving scheme
Holdings
Withdrawn status Lost status Source of classification or shelving scheme Damaged status Not for loan Home library Current library Date acquired Total Checkouts Full call number Barcode Date last seen Uniform Resource Identifier Price effective from Koha item type
          MACL MACL 15/04/2015   920/LOT CLE000700 29/04/2015 38331 15/04/2015 Books